00655cam a2200193 i 4500001000800000005001700008008004100025040001800066082001900084100001700103245015600120260007500276300001100351490004300362650001400405650001400419650001400433650001400447227859020250317072636.0810409s1978 ii b 010 0 eng  aDLCcDLCdDLC00a30121272bMAD1 aMadan, T. N.10aDialectic of Tradition and Modernity in the Sociology of D.P. Mukerji:bA Memorial Lecture Delivered on 25th February 1977 at the University of Lucknow aNew Delhi,bManohar Publications for the University of Lucknow,c1978. a32 p.,0 aD.P. Mukerji memorial lecture series ; 0aSociology 0aTradition 0aModernity 0aEconomics